000 00370nam a22001457a 4500
999 _c532489
_d532489
003 NUST
020 _a978730024637
_qH/B.
038 _awaseem
082 _a330
_bWEI
100 _aWei, Liu
_926035
245 _aChinese Scholars on Economic New Normal /
_cLiu Wei
260 _aBeijing :
_bChina Renmin University press,
_c2018.
300 _a212 p. ;
942 _2ddc
_cBK